LDR 01016naa#a2200193#i#450# 001 RU\\bibl\123226 005 20260705110828.7 011 ## _a2686-9896 100 ## _a20260515b2026####ek#y0rusy0150####ca 102 ## _aRU 200 1# _aОСОБЕННОСТИ ПРОЦЕССА ИНТЕГРАЦИИ ИНОСТРАННЫХ СТУДЕНТОВ В ИНОЯЗЫЧНУЮ СИСТЕМУ ВЫСШЕГО ОБРАЗОВАНИЯ _eЖурнальная статья 210 1# _aАнгарск _cФГБОУ ВО "Ангарский государственный технический университет" _d2026 215 ## _a1 с. 608 ## _aЖурнальная статья _2local 675 ## _aВысшее образование. Высшая школа. Подготовка научных кадров. 378 _z 700 #1 _aДиарра _gОдиль Мари Теодор 700 #1 _aСвердлова _gЕкатерина Яковлевна 700 #1 _aСвердлова _gОльга Леонидовна 856 4# _aangtu.editorum.ru _u